BIBLIOTECA

SENCICO

Seminario de "Secado de Madera" (Registro nro. 1361)

Detalles MARC
000 -LEADER
fixed length control field 00642nam a2200229Ia 4500
005 - DATE AND TIME OF LATEST TRANSACTION
control field 20251020182509.0
008 - FIXED-LENGTH DATA ELEMENTS--GENERAL INFORMATION
fixed length control field 200515s9999 xx 000 0 und d
082 ## - DEWEY DECIMAL CLASSIFICATION NUMBER
Classification number 634.0.821/D80
100 ## - MAIN ENTRY--PERSONAL NAME
Personal name Gonzáles Flores, Victor
245 #0 - TITLE STATEMENT
Title Seminario de "Secado de Madera"
260 ## - PUBLICATION, DISTRIBUTION, ETC.
Place of publication, distribution, etc. Lima
260 ## - PUBLICATION, DISTRIBUTION, ETC.
Name of publisher, distributor, etc. Dirección de Normalización - ITINTEC ; Departamento de Industrias Forestales de la U.N.A.
260 ## - PUBLICATION, DISTRIBUTION, ETC.
Date of publication, distribution, etc. 197?
300 ## - PHYSICAL DESCRIPTION
Extent [s.n.]
300 ## - PHYSICAL DESCRIPTION
Other physical details il., graf.
500 ## - GENERAL NOTE
General note 1 ejemplar
520 ## - SUMMARY, ETC.
Summary, etc. Propiedades de la madera en relación con el secado.
650 ## - SUBJECT ADDED ENTRY--TOPICAL TERM
Topical term or geographic name entry element MADERA
650 ## - SUBJECT ADDED ENTRY--TOPICAL TERM
Topical term or geographic name entry element PUB ITINTEC
942 ## - ADDED ENTRY ELEMENTS (KOHA)
Koha item type Libros
Existencias
Fecha de la última vez que lo usaron Pago total Signatura topográfica completa Código de barras Precio efectivo desde Tipo de documento Estado perdido Estado dañado No es para préstamo Retirado Ubicación permanente Ubicación actual Fecha de adquisición
15/05/2020   634.0.821/D80 Bib-Lima15051361 15/05/2020 Libros         Biblioteca Central Lima Biblioteca Central Lima 15/05/2020